[Event "Barcelona Sant Marti op 11th"]
[Site "Barcelona"]
[Date "2024.02.01"]
[Round "4"]
[White "Riera Miralles, Vicente Julian"]
[Black "Carricondo Fernandez, Vicente"]
[Result "1/2-1/2"]
[WhiteElo "1418"]
[BlackElo "1700"]
[PlyCount "41"]
[EventDate "2024.01.11"]
[EventType "swiss"]
[EventRounds "9"]
[EventCountry "ESP"]
[SourceTitle "CB11_2024"]
[SourceDate "2024.03.13"]
[SourceVersion "1"]
[SourceVersionDate "2024.03.13"]
[SourceQuality "1"]

1. e4 e6 2. d4 d5 3. exd5 exd5 4. Nf3 Bd6 5. c3 Ne7 6. Bg5 f6 7. Bh4 Bg4 8. Be2 Ng6 9. Bg3 Nf4 10. Bxf4 Bxf4 11. 0-0 0-0 12. h3 Be6 13. Re1 Re8 14. Nbd2 c6 15. Bd3 Nd7 16. Qc2 Nf8 17. Bf5 Qd7 18. Bxe6+ Rxe6 19. Rxe6 Qxe6 20. Re1 Qd7 21. g3 1/2-1/2

[Event "Barcelona Sant Marti op 10th"]
[Site "Barcelona"]
[Date "2023.02.23"]
[Round "7"]
[White "Tortosa Moros, Joan"]
[Black "Riera Miralles, Vicente Julian"]
[Result "1/2-1/2"]
[WhiteElo "1607"]
[BlackElo "1453"]
[PlyCount "82"]
[EventDate "2023.01.12"]
[EventType "swiss"]
[EventRounds "9"]
[EventCountry "ESP"]
[SourceTitle "CBM 213 Extra"]
[Source "ChessBase"]
[SourceDate "2023.05.31"]
[SourceVersion "1"]
[SourceVersionDate "2023.05.31"]
[SourceQuality "1"]

1. e4 g6 2. d4 Bg7 3. f4 e6 4. Nf3 Ne7 5. Be3 d6 6. Nc3 Nd7 7. Qd2 a6 8. Bd3 b5 9. a3 Bb7 10. Qf2 Rc8 11. e5 Nb6 12. Nd2 d5 13. b3 c6 14. g4 Nd7 15. f5 Ng8 16. fxe6 fxe6 17. Rf1 Nh6 18. Bxh6 Rf8 19. Bf4 g5 20. Qg3 gxf4 21. Rxf4 Rxf4 22. Qxf4 Qh4+ 23. Qg3 Qxg3+ 24. hxg3 Ke7 25. Ke2 c5 26. dxc5 Bxe5 27. Ndb1 Rxc5 28. Kd2 Nf6 29. b4 Rc8 30. a4 Ne4+ 31. Bxe4 dxe4 32. Ra3 bxa4 33. Nxa4 Bd6 34. Rb3 Rg8 35. Nc5 Bd5 36. Ra3 Bc4 37. Nxa6 Rxg4 38. Nc5 h5 39. Ra7+ Ke8 40. Rh7 Bxg3 41. Rxh5 Bd5 1/2-1/2

[Event "Barcelona Sant Marti op 10th"]
[Site "Barcelona"]
[Date "2023.02.09"]
[Round "5"]
[White "Ramirez Nieto, Carlos"]
[Black "Riera Miralles, Vicente Julian"]
[Result "1-0"]
[WhiteElo "1755"]
[BlackElo "1453"]
[PlyCount "43"]
[EventDate "2023.01.12"]
[EventType "swiss"]
[EventRounds "9"]
[EventCountry "ESP"]
[SourceTitle "CBM 213 Extra"]
[Source "ChessBase"]
[SourceDate "2023.05.31"]
[SourceVersion "1"]
[SourceVersionDate "2023.05.31"]
[SourceQuality "1"]

1. d4 g6 2. Bf4 Bg7 3. c4 d6 4. Nf3 c5 5. e3 Nf6 6. Nc3 a6 7. Be2 0-0 8. 0-0 b6 9. a4 Bf5 10. a5 Nc6 11. axb6 Qxb6 12. Qd2 Ne4 13. Nxe4 Bxe4 14. Rad1 e5 15. dxe5 Nxe5 16. Qxd6 Nxf3+ 17. gxf3 Qxb2 18. Rd2 Qb4 19. fxe4 Rad8 20. Qxd8 Rxd8 21. Rxd8+ Bf8 22. Bh6 1-0

[Event "Barcelona Sant Marti op-B 5th"]
[Site "Barcelona"]
[Date "2016.02.25"]
[Round "7"]
[White "Vicente Perales, Manel"]
[Black "Riera Miralles, Vicente Julian"]
[Result "0-1"]
[WhiteElo "1354"]
[BlackElo "1769"]
[PlyCount "96"]
[EventDate "2016.01.14"]
[EventType "swiss"]
[EventRounds "9"]
[EventCountry "ESP"]
[SourceTitle "EXT 2017"]
[Source "ChessBase"]
[SourceDate "2016.10.25"]
[SourceVersion "1"]
[SourceVersionDate "2016.10.25"]
[SourceQuality "1"]

1. d4 e6 2. Nf3 Nf6 3. e3 a6 4. Bd3 d5 5. b3 Bd6 6. Bb2 b5 7. 0-0 0-0 8. Nbd2 Re8 9. Ne5 Bb7 10. f4 Ne4 11. Nxe4 dxe4 12. Be2 f6 13. Ng4 Nd7 14. c4 c6 15. c5 Bf8 16. Qc2 f5 17. Ne5 Nf6 18. Qd1 Nd5 19. Bc1 Be7 20. Bd2 Rf8 21. Bh5 g6 22. Nxg6 hxg6 23. Bxg6 Kg7 24. Bh5 Rh8 25. g4 Nf6 26. Rf2 Nxh5 27. gxh5 Qe8 28. Rg2+ Kf8 29. Rg6 Rg8 30. Rxg8+ Kxg8 31. Kh1 Qf7 32. Qg1+ Qg7 33. Qf2 Kf7 34. Rg1 Qh7 35. Qe2 Rg8 36. Rxg8 Qxg8 37. h6 Qh7 38. Qh5+ Qg6 39. Qh3 Kg8 40. Be1 Kh7 41. Bg3 Qxh6 42. Qxh6+ Kxh6 43. Kg2 Kh5 44. Kh3 b4 45. Kg2 a5 46. Kf1 Bh4 47. Kf2 Bxg3+ 48. Kxg3 Ba6 0-1

[Event "Barcelona Sant Marti op-B 5th"]
[Site "Barcelona"]
[Date "2016.01.28"]
[Round "3"]
[White "Menbrive Hernandez, Juan"]
[Black "Riera Miralles, Vicente Julian"]
[Result "0-1"]
[WhiteElo "1673"]
[BlackElo "1769"]
[PlyCount "86"]
[EventDate "2016.01.14"]
[EventType "swiss"]
[EventRounds "9"]
[EventCountry "ESP"]
[SourceTitle "EXT 2017"]
[Source "ChessBase"]
[SourceDate "2016.10.25"]
[SourceVersion "1"]
[SourceVersionDate "2016.10.25"]
[SourceQuality "1"]

1. e4 g6 2. d4 Bg7 3. Nf3 d6 4. Bc4 e6 5. Nbd2 a6 6. d5 e5 7. h4 Nf6 8. Ng1 b5 9. Be2 Nbd7 10. c4 bxc4 11. Bxc4 Nc5 12. f3 0-0 13. Nb3 Nb7 14. Qe2 a5 15. g4 a4 16. Nd2 Bd7 17. Nf1 Na5 18. Bd3 c6 19. Bg5 Qb8 20. Qd2 cxd5 21. Bxf6 Bxf6 22. exd5 Rc8 23. g5 Bg7 24. h5 Nc4 25. Bxc4 Rxc4 26. Ne3 Rf4 27. h6 Bh8 28. Rc1 Rd4 29. Qc3 e4 30. Qc7 Qxb2 31. Qc2 Qb4+ 32. Kf2 Rd2+ 33. Ne2 Rxc2 34. Nxc2 Qc5+ 35. Ncd4 Bxd4+ 36. Kg3 Qxd5 37. Nf4 Be5 38. Rhd1 Bxf4+ 39. Kxf4 Qf5+ 40. Ke3 Qxf3+ 41. Kd2 Qf2+ 42. Kc3 Rc8+ 43. Kb4 Qb2+ 0-1

[Event "Badalona op-C 41st"]
[Site "Badalona"]
[Date "2015.08.04"]
[Round "3.4"]
[White "Rossi, Pascal"]
[Black "Riera Miralles, Vicente Julian"]
[Result "1-0"]
[WhiteElo "1775"]
[BlackElo "1754"]
[PlyCount "33"]
[EventDate "2015.08.02"]
[EventType "swiss"]
[EventRounds "9"]
[EventCountry "ESP"]
[SourceTitle "EXT 2024"]
[Source "ChessBase"]
[SourceDate "2023.10.10"]
[SourceVersion "1"]
[SourceVersionDate "2023.10.10"]
[SourceQuality "1"]

1. d4 d5 2. e4 dxe4 3. Nc3 Nf6 4. f3 exf3 5. Nxf3 Nd5 6. Bc4 Nxc3 7. bxc3 e6 8. 0-0 Be7 9. Ne5 0-0 10. Qg4 Bf6 11. Nf3 b5 12. Bd3 g6 13. Ne5 c5 14. Qf3 Bxe5 15. dxe5 Qc7 16. Bh6 Bb7 17. Qf6 1-0

[Event "Barcelona Sant Marti op-B 4th"]
[Site "Barcelona"]
[Date "2015.03.12"]
[Round "9"]
[White "Perez Ramirez, Placido"]
[Black "Riera Miralles, Vicente Julian"]
[Result "0-1"]
[WhiteElo "1762"]
[BlackElo "1700"]
[PlyCount "78"]
[EventDate "2015.01.15"]
[EventType "swiss"]
[EventRounds "9"]
[EventCountry "ESP"]
[SourceTitle "EXT 2016"]
[Source "ChessBase"]
[SourceDate "2015.10.08"]
[SourceVersion "1"]
[SourceVersionDate "2015.10.08"]
[SourceQuality "1"]

1. e4 e6 2. d4 d5 3. e5 c6 4. Nf3 Bb4+ 5. c3 Ba5 6. Bd3 Ne7 7. 0-0 Bc7 8. Nbd2 b6 9. c4 Na6 10. cxd5 Nxd5 11. Ne4 Nab4 12. Bb1 Ne7 13. a3 Nbd5 14. Re1 0-0 15. Qd3 Nf5 16. g4 Nh4 17. Nf6+ Nxf6 18. exf6 Nxf3+ 19. Qxf3 Qxd4 20. fxg7 Qxg7 21. Be4 Bb7 22. Rb1 Rac8 23. Qh3 f5 24. Kh1 fxe4 25. Rxe4 c5 26. Qe3 Bxe4+ 27. Qxe4 Qe5 28. Qg2 Qe1+ 29. Qg1 Qxg1+ 30. Kxg1 Bf4 31. Bxf4 Rxf4 32. h3 Rcf8 33. Rf1 Rd8 34. Kg2 Rd2 35. Kg3 Rfd4 36. f4 R4d3+ 37. Kh4 Rh2 38. Kg5 Kg7 39. Re1 h6+ 0-1

[Event "Barcelona Sant Marti op-B 4th"]
[Site "Barcelona"]
[Date "2015.03.05"]
[Round "8"]
[White "Gomez Fernandez, Miquel"]
[Black "Riera Miralles, Vicente Julian"]
[Result "1/2-1/2"]
[WhiteElo "1781"]
[BlackElo "1700"]
[PlyCount "100"]
[EventDate "2015.01.15"]
[EventType "swiss"]
[EventRounds "9"]
[EventCountry "ESP"]
[SourceTitle "EXT 2016"]
[Source "ChessBase"]
[SourceDate "2015.10.08"]
[SourceVersion "1"]
[SourceVersionDate "2015.10.08"]
[SourceQuality "1"]

1. d4 d5 2. c4 Nf6 3. Nc3 a6 4. Nf3 e6 5. c5 Nc6 6. Bg5 Be7 7. e3 0-0 8. h3 b5 9. cxb6 cxb6 10. a3 b5 11. Bd3 b4 12. axb4 Nxb4 13. Bb1 Bd7 14. 0-0 Ne8 15. Bxe7 Qxe7 16. Ne5 f6 17. Nd3 Nc7 18. Nc5 Nb5 19. Qb3 a5 20. Nxd7 Qxd7 21. Qa4 Rfb8 22. Qd1 Nd6 23. Na4 f5 24. Nc5 Qe7 25. Bc2 Nxc2 26. Qxc2 Rc8 27. Qa4 Ne4 28. Nxe4 fxe4 29. Rfc1 Rc7 30. Rc6 Kf7 31. Rac1 Raa7 32. Qc2 Rxc6 33. Qxc6 Qd7 34. Qb6 a4 35. Rc3 Kf6 36. Qc5 h6 37. Qf8+ Kg6 38. g4 Rb7 39. h4 Rxb2 40. Rc8 Qf7 41. h5+ Kf6 42. Qd8+ Qe7 43. Qa5 a3 44. Rc7 Rb1+ 45. Kg2 Qd6 46. Rc5 Rb3 47. Qa4 Rd3 48. Qe8 a2 49. Qg6+ Ke7 50. Qxg7+ Kd8 1/2-1/2

[Event "Barcelona Sant Marti op-B 4th"]
[Site "Barcelona"]
[Date "2015.02.19"]
[Round "6"]
[White "Fernandez Cespedes, Miquel"]
[Black "Riera Miralles, Vicente Julian"]
[Result "1/2-1/2"]
[WhiteElo "1828"]
[BlackElo "1700"]
[PlyCount "81"]
[EventDate "2015.01.15"]
[EventType "swiss"]
[EventRounds "9"]
[EventCountry "ESP"]
[SourceTitle "EXT 2016"]
[Source "ChessBase"]
[SourceDate "2015.10.08"]
[SourceVersion "1"]
[SourceVersionDate "2015.10.08"]
[SourceQuality "1"]

1. c4 c6 2. Nc3 Nf6 3. e4 e5 4. g3 d6 5. Bg2 Be7 6. Nge2 Be6 7. d3 Nbd7 8. 0-0 0-0 9. b3 a5 10. h3 Nb6 11. Be3 Nbd7 12. d4 Nb8 13. d5 Bd7 14. f4 Ne8 15. Na4 c5 16. Nac3 Qc8 17. Kh2 f6 18. Ng1 Rf7 19. f5 g5 20. fxg6 hxg6 21. h4 Rh7 22. Bh3 g5 23. Bf5 Rh8 24. Qg4 Ng7 25. Nh3 Bxf5 26. exf5 gxh4 27. gxh4 Qe8 28. Rg1 Bf8 29. Ne4 Qe7 30. h5 Rh7 31. h6 Nd7 32. Rg2 Kh8 33. Rag1 Qf7 34. hxg7+ Bxg7 35. Nxd6 Qe7 36. Ne4 Rg8 37. d6 Qe8 38. Rg3 Nf8 39. Nxf6 Qf7 40. Nxh7 Nxh7 41. Bh6 1/2-1/2